Science Quiz

Random Science or Geology Quiz

American Geophysical Union (AGU) Sections/Focus Groups Quiz Stats

 Plays Quiz not verified by Sporcle

Challenge
Share
Tweet
Embed
Score 0/29 Timer 07:00
0 Plays Today
Section/Focus Group % Correct
Seismology
80%
Atmospheric Sciences
50%
Ocean Sciences
50%
Tectonophysics
50%
Volcanology, Geochemistry, and Petrology
50%
Cryosphere
40%
Hydrology
40%
Mineral and Rock Physics
40%
Paleoceanography and Paleoclimatology
40%
Planetary Sciences
40%
Biogeosciences
30%
Earth and Planetary Surface Processes
30%
Geodesy
30%
Geomagnetism and Paleomagnetism
30%
Near Surface Geophysics
30%
Section/Focus Group % Correct
Nonlinear Geophysics
30%
Education
30%
Global Environmental Change
20%
Natural Hazards
20%
Public Affairs
20%
SPA - Aeronomy
20%
SPA - Solar and Heliospheric Physics
20%
Study of Earth's Deep Interior
20%
Town Hall
20%
Atmospheric and Space Electricity
10%
Earth and Space Science Informatics
10%
Events
10%
SPA - Magnetospheric Physics
10%
Union
10%

You're not logged in!

Compare scores with friends on all Sporcle quizzes.
OR
Log In

You Might Also Like...

Show Comments

Extras

Top Quizzes Today


Score Distribution

Your Account Isn't Verified!

In order to create a playlist on Sporcle, you need to verify the email address you used during registration. Go to your Sporcle Settings to finish the process.

Report this User

Report this user for behavior that violates our Community Guidelines.

Details: